|
|
|
|
| LEADER |
00000nam a2200000 a 4500 |
| 001 |
vtls001329091 |
| 003 |
SK-MaSNL |
| 005 |
20260407123552.0 |
| 008 |
240313s1998 xo ag rc c slo |
| 015 |
|
|
|a SNBA1998/08-02799
|
| 020 |
|
|
|a 8096734113
|
| 035 |
|
|
|a SNK000281928
|
| 035 |
|
|
|a urn:nbn:sk:snk-amk3e3
|
| 035 |
|
|
|a urn:nbn:sk:snk-am0058j8
|
| 035 |
|
|
|a 09F56E94-1CAF-4378-B52F-6EEECEFBE53C
|
| 040 |
|
|
|a SNK
|b slo
|c SNK
|e AACR2
|
| 041 |
0 |
|
|a slo
|
| 044 |
|
|
|a xo
|c SK
|
| 080 |
|
|
|a 235:929
|2 1981
|
| 080 |
|
|
|a 929
|2 1981
|
| 100 |
1 |
|
|a Čížek, Antonín
|4 aut
|9 9401
|
| 245 |
1 |
0 |
|a Synaxár
|b životy svätých
|c Antonín Čížek
|
| 260 |
|
|
|a Prešov
|b Spolok biskupa Petra Pavla Gojdiča
|c 1998
|
| 300 |
|
|
|a 336 s.
|b fareb. ilustr.
|c 21 cm
|
| 366 |
|
|
|e 3200 výt.
|
| 504 |
|
|
|a Zoz. mien
|
| 650 |
0 |
7 |
|a svätci
|2 SNKPH
|9 1606
|
| 655 |
|
7 |
|a biografie
|2 SNKPH
|9 27965
|
| 919 |
|
|
|a 80-967341-1-3
|
| 954 |
|
|
|a odborná, vedecká literatúra pôvodná (slovenská)
|2 lita
|
| 958 |
|
|
|a TL
|
| 958 |
|
|
|a BC
|
| 958 |
|
|
|a OND
|
| 958 |
|
|
|a EUIPO
|
| 999 |
|
|
|c 890280
|d 892210
|
| 952 |
|
|
|t P60, <09>, [BOOK], {629}
|a SNK
|b SNK
|y NEVYP
|7 0
|o snkC 438
|i snk810/980429
|0 0
|1 0
|4 0
|d 1998-04-29
|l 0
|r 2005-01-02 00:00:00
|w 2026-02-24
|
| 952 |
|
|
|t P60, <03>, [BOOK], {603}
|a SNK
|b SNK
|y PREZ
|7 0
|p 17A0134002
|o snkSC 95613
|i snkKSP 4646/98
|0 0
|1 0
|4 0
|d 1998-04-29
|f 1
|l 0
|r 2025-09-12 00:00:00
|w 2026-02-24
|
| 952 |
|
|
|t P60, <04>, [BOOK], {604}
|a SNK
|b SNK
|y VYP
|7 0
|p 17A0130997
|o snkSC 95613 D1
|i snkKSP 4647/98
|0 0
|1 0
|4 0
|d 1998-04-29
|l 1
|m 1
|r 2026-03-27 13:08:20
|s 2026-02-28
|w 2026-02-24
|